000 00582nam a2200217Ia 4500
003 OSt
005 20220918192258.0
006 a|||||r|||| 00| 0
007 ta
008 220917b |||||||| |||| 00| 0 eng d
024 _a67,749
037 _cTextual
040 _aARTS
_cARTS
_beng
041 _2eng
_aeng
082 _aR3xM461:4, D9
100 _aEucken Rudolf
_978813
245 0 _aMeaning and value of life tr by Lucy Judge Gibson and W R Boyce Gibson
260 _c1909
942 _hR3xM461:4, D9
_cTEXL
_2CC
999 _c193982
_d193982